American Country Trivia 1-8 - Statistics

General Stats
  • This quiz has been taken 17 times
  • The average score is 99 of 128
Answer Stats
Question Tile Select % Correct
Smallest country in North America Argentina No
100%
Smallest country in North America Bolivia No
100%
Smallest country in North America Brazil No
100%
Smallest country in North America Canada No
100%
Smallest country in North America Chile No
100%
Smallest country in North America Colombia No
100%
Smallest country in North America Ecuador No
100%
Smallest country in North America Mexico No
100%
Smallest country in North America Paraguay No
100%
Smallest country in North America Peru No
100%
Smallest country in North America United States No
100%
Smallest country in North America Uruguay No
100%
Smallest country in North America Venezuela No
100%
Landlocked countries Argentina No
94%
Have coastline on the Gulf of Mexico Argentina No
94%
Have coastline on the Gulf of Mexico Bolivia No
94%
Landlocked countries Brazil No
94%
Have coastline on the Gulf of Mexico Brazil No
94%
Landlocked countries Canada No
94%
Have coastline on the Gulf of Mexico Canada No
94%
Landlocked countries Chile No
94%
Have coastline on the Gulf of Mexico Chile No
94%
Landlocked countries Colombia No
94%
Landlocked countries Cuba No
94%
Landlocked countries Dominican Republic No
94%
Landlocked countries Ecuador No
94%
Landlocked countries Mexico No
94%
Have coastline on the Gulf of Mexico Mexico Yes
94%
Have coastline on the Gulf of Mexico Paraguay No
94%
Landlocked countries Peru No
94%
Have coastline on the Gulf of Mexico Peru No
94%
Landlocked countries Saint Kitts and Nevis No
94%
Landlocked countries United States No
94%
Have coastline on the Gulf of Mexico Uruguay No
94%
Landlocked countries Venezuela No
94%
Landlocked countries Bolivia Yes
88%
South American countries with coastline along the Pacific Ocean Brazil No
88%
Highest number of Portuguese speakers Brazil Yes
88%
The Amazon and its tributaries flow through them Brazil Yes
88%
The Amazon and its tributaries flow through them Canada No
88%
South American countries with coastline along the Pacific Ocean Chile Yes
88%
Highest number of Portuguese speakers Chile No
88%
South American countries with coastline along the Pacific Ocean Cuba No
88%
Highest number of Portuguese speakers Cuba No
88%
The Amazon and its tributaries flow through them Cuba No
88%
Smallest country in North America Dominican Republic No
88%
South American countries with coastline along the Pacific Ocean Dominican Republic No
88%
Highest number of Portuguese speakers Dominican Republic No
88%
The Amazon and its tributaries flow through them Dominican Republic No
88%
Highest number of Portuguese speakers Ecuador No
88%
Highest number of Portuguese speakers Mexico No
88%
The Amazon and its tributaries flow through them Mexico No
88%
South American countries with coastline along the Pacific Ocean Paraguay No
88%
South American countries with coastline along the Pacific Ocean Peru Yes
88%
Smallest country in North America Saint Kitts and Nevis Yes
88%
South American countries with coastline along the Pacific Ocean Saint Kitts and Nevis No
88%
The Amazon and its tributaries flow through them Saint Kitts and Nevis No
88%
The Amazon and its tributaries flow through them United States No
88%
Landlocked countries Uruguay No
88%
South American countries with coastline along the Pacific Ocean Uruguay No
88%
South American countries with coastline along the Pacific Ocean Venezuela No
88%
South American countries with coastline along the Pacific Ocean Bolivia No
81%
Largest countries by population Bolivia No
81%
South American countries with coastline along the Pacific Ocean Canada No
81%
Highest number of Portuguese speakers Canada No
81%
Have coastline on the Gulf of Mexico Colombia No
81%
Smallest country in North America Cuba No
81%
Largest countries by population Cuba No
81%
Have coastline on the Gulf of Mexico Ecuador No
81%
South American countries with coastline along the Pacific Ocean Ecuador Yes
81%
Largest countries by population Ecuador No
81%
South American countries with coastline along the Pacific Ocean Mexico No
81%
Landlocked countries Paraguay Yes
81%
Largest countries by population Paraguay No
81%
Highest number of Portuguese speakers Peru No
81%
Highest number of Portuguese speakers Saint Kitts and Nevis No
81%
Largest countries by population Saint Kitts and Nevis No
81%
Have coastline on the Gulf of Mexico United States Yes
81%
South American countries with coastline along the Pacific Ocean United States No
81%
Largest countries by population Uruguay No
81%
Have coastline on the Gulf of Mexico Venezuela No
81%
South American countries with coastline along the Pacific Ocean Argentina No
75%
Highest number of Portuguese speakers Bolivia No
75%
Border the Andes Mountain Range Canada No
75%
The Amazon and its tributaries flow through them Chile No
75%
Border the Andes Mountain Range Cuba No
75%
Have coastline on the Gulf of Mexico Dominican Republic No
75%
Border the Andes Mountain Range Dominican Republic No
75%
Largest countries by population Dominican Republic No
75%
Have coastline on the Gulf of Mexico Saint Kitts and Nevis No
75%
Border the Andes Mountain Range Saint Kitts and Nevis No
75%
The Amazon and its tributaries flow through them Uruguay No
75%
Border the Andes Mountain Range Uruguay No
75%
Border the Andes Mountain Range Chile Yes
69%
Highest number of Portuguese speakers Colombia No
69%
Have coastline on the Gulf of Mexico Cuba Yes
69%
Border the Andes Mountain Range Mexico No
69%
Border the Andes Mountain Range Peru Yes
69%
Border the Andes Mountain Range United States No
69%
The Amazon and its tributaries flow through them Venezuela Yes
69%
The Amazon and its tributaries flow through them Argentina No
63%
Border the Andes Mountain Range Argentina Yes
63%
The Amazon and its tributaries flow through them Bolivia Yes
63%
Largest countries by population Chile No
63%
South American countries with coastline along the Pacific Ocean Colombia Yes
63%
The Amazon and its tributaries flow through them Colombia Yes
63%
The Amazon and its tributaries flow through them Paraguay No
63%
Highest number of Portuguese speakers United States No
63%
Largest countries by population United States Yes
63%
Border the Andes Mountain Range Bolivia Yes
56%
Border the Andes Mountain Range Brazil No
56%
Largest countries by population Brazil Yes
56%
Border the Andes Mountain Range Colombia Yes
56%
Border the Andes Mountain Range Ecuador Yes
56%
The Amazon and its tributaries flow through them Peru Yes
56%
Largest countries by population Mexico Yes
50%
Border the Andes Mountain Range Paraguay No
50%
Largest countries by population Argentina Yes
38%
Highest number of Portuguese speakers Argentina Yes
31%
Largest countries by population Canada Yes
31%
Largest countries by population Colombia Yes
31%
The Amazon and its tributaries flow through them Ecuador Yes
31%
Largest countries by population Peru Yes
25%
Border the Andes Mountain Range Venezuela Yes
25%
Highest number of Portuguese speakers Paraguay Yes
19%
Highest number of Portuguese speakers Uruguay Yes
19%
Largest countries by population Venezuela Yes
19%
Highest number of Portuguese speakers Venezuela Yes
6%
No matching quizzes found
Score Distribution
Percent of People with Each Score
Percentile by Number Answered
Your Score History
You have not taken this quiz